| 000 | 00782cam a22002535a 4500 | ||
|---|---|---|---|
| 001 | 2502535 | ||
| 005 | 20180314151813.0 | ||
| 008 | 920302r19941992enka frb 001 0 eng d | ||
| 020 | _a0201175584 | ||
| 020 | _a9780201175585 | ||
| 040 |
_aDLC _cDLC _dDLC _dEG-ScBUE _beng |
||
| 082 | 0 | 4 |
_a621.381 _222 _bSTO |
| 100 | 1 | _aStorey, Neil. | |
| 245 | 1 | 0 |
_aElectronics : _ba systems approach / _cNeil Storey. |
| 250 | _aReprint ed. | ||
| 260 |
_aWokingham ; _aReading : _bAddison-Wesley, _c1994. |
||
| 300 |
_axiv, 655 p. : _bill. ; _c24 cm. |
||
| 500 | _aReprinted of 1992 ed. | ||
| 504 | _aIncludes bibliographical references and index. | ||
| 650 | 7 |
_aElectronic systems. _2BUEsh _939029 |
|
| 650 | 7 |
_aElectronic circuits. _2BUEsh _96945 |
|
| 651 | _2BUEsh | ||
| 653 |
_bENGELC _cMarch2018 |
||
| 999 |
_c26306 _d26278 |
||